000 00805cam a2200241 a 4500
001 000007491
003 DO-SdBNP
005 20250623141021.0
008 780118s1969 ve ac b 000 0bspa
035 _a(DLC) 75481660
040 _aDO-SdBNP
_cDLC
_dDLC
_dBNPHU
049 _aBNGR
082 _a923.587
_bG993C
100 1 _aCastellanos, Rafael Ramón,
_d1932-
_920807
245 1 0 _aGuzmán Blanco intimo /
_cRafael Ramón Castellanos.
260 _aCaracas :
_bLibreria Historia,
_c1969.
300 _a530 p. :
_bil., ports. ;
_c24 cm.
500 _aIncluye cartas de Antonio Guzmán Blanco, a Ana Teresa Ibarra de Guzmán Blanco
504 _aBibliografía: p. 529-530.
650 4 _aPresidentes
_zVenezolanos
_xCorrespondencia
_920810
910 _aCatalogación por copia / LC
942 _2ddc
_cLBS1
999 _c7272
_d7272